Estrategias empresariales / (Registro nro. 6091)

Detalles MARC
000 -LEADER
fixed length control field 01394nam a2200277Ia 4500
003 - CONTROL NUMBER IDENTIFIER
control field OSt
005 - DATE AND TIME OF LATEST TRANSACTION
control field 20201020130504.0
008 - FIXED-LENGTH DATA ELEMENTS--GENERAL INFORMATION
fixed length control field 191128s2013 ck ad gr 000 0 spa d
020 ## - INTERNATIONAL STANDARD BOOK NUMBER
International Standard Book Number 9789586488624
040 ## - CATALOGING SOURCE
Original cataloging agency CO-JMCR
Transcribing agency CO-JMCR
041 0# - LANGUAGE CODE
Language code of text/sound track or separate title spa
082 04 - DEWEY DECIMAL CLASSIFICATION NUMBER
Classification number 658.4012 /
Item number L662e
Edition number 23
100 1# - MAIN ENTRY--PERSONAL NAME
Personal name López Navaza, Carlos,
Relator term autor
9 (RLIN) 11732
245 10 - TITLE STATEMENT
Title Estrategias empresariales /
Statement of responsibility, etc. Carlos López Navaza, Ángel Martín Soteras
250 ## - EDITION STATEMENT
Edition statement segunda edición
260 ## - PUBLICATION, DISTRIBUTION, ETC.
Place of publication, distribution, etc. Bogotá :
Name of publisher, distributor, etc. Ecoe Ediciones : Star Book,
Date of publication, distribution, etc. 2013.
300 ## - PHYSICAL DESCRIPTION
Extent x, 222 páginas :
Other physical details diagramas, gráficos a blqanco y negro ;
Dimensions 24 cm.
490 0# - SERIES STATEMENT
Series statement Ciencias administrativas ;
-- Administración
500 ## - GENERAL NOTE
General note Bibliografía: páginas 217-220. Incluye índice alfabético.
505 0# - FORMATTED CONTENTS NOTE
Formatted contents note Estrategia -- Estrategias competitivas básicas -- Estrategias competitivas instrumentales -- Estrategias corporativas -- La externalización -- Estrategias de crecimiento externo
520 0# - SUMMARY, ETC.
Summary, etc. Ofrece una visión de la realidad empresarial con multitud de opciones estratégicas que conducen a distintos resultados. Por ello, el lector tendrá la oprtunidad de constatar y confrontar sus teorías haciéndole reflexionar sobre su situación actual y sobre
650 24 - SUBJECT ADDED ENTRY--TOPICAL TERM
Topical term or geographic name entry element Estrategias empresariales
9 (RLIN) 11586
650 24 - SUBJECT ADDED ENTRY--TOPICAL TERM
Topical term or geographic name entry element Administración de empresas
9 (RLIN) 11733
700 1# - ADDED ENTRY--PERSONAL NAME
Personal name Soteras, Ángel Martín,
Relator term autor
9 (RLIN) 11734
942 ## - ADDED ENTRY ELEMENTS (KOHA)
Source of classification or shelving scheme Dewey Decimal Classification
Koha item type Books
Existencias
Withdrawn status Lost status Source of classification or shelving scheme Materials specified (bound volume or other part) Damaged status Not for loan Home library Current library Shelving location Date acquired Source of acquisition Full call number Barcode Date last seen Copy number Price effective from Koha item type
    Dewey Decimal Classification Donación--15/04/2018--     Biblioteca Pública José María del Castillo y Rada Biblioteca Pública José María del Castillo y Rada General Stacks 11/28/2019 Donación 658.4012 / L662e 430012021 05/16/2024 Ej.1 11/28/2019 Books